000 00746nam a2200253Ia 4500
003 OSt
005 20220926011019.0
006 a|||||r|||| 00| 0
007 ta
008 220923b |||||||| |||| 00| 0 eng d
037 _cGeneral Book
040 _aRTL
_cRTL
_beng
041 _2eng
_aeng
082 _aX652:8, L5;M7
100 _aFischer Donald E.
_9153501
245 0 _aSecurity analysis and portfolio management
250 _a4th
260 _aNew Jersey
_bPrentice Hall
_c1987
300 _axii, 708p. Appendix p.695-98
_ccm.
650 _aSecurities
_9218696
700 _a Jordan Ronald J.
_9153502
942 _hX652:8, L5;M7
_cGB
_2CC
999 _c618853
_d618853